| 000 | 00600nam a2200241Ia 4500 | ||
|---|---|---|---|
| 008 | 181129s9999 xx 000 0 und d | ||
| 020 | _a9780531147849 | ||
| 050 | _bT238 2008 | ||
| 100 | _aTaylor-Butler, Christine | ||
| 245 | 4 | _aThe presidency / | |
| 245 | 0 | _cby Christine Taylor-Butler. | |
| 260 | _aNew York, NY : | ||
| 260 | _bChildren's Press, | ||
| 260 | _c2008 | ||
| 300 | _a48 pages : | ||
| 300 | _bcolor illustrations ; | ||
| 300 | _c21cm. | ||
| 440 | _aA true book. | ||
| 500 | _a730L | ||
| 650 | _aPresidents -- United States. | ||
| 700 | _aSeries. | ||
| 700 | _aTitle. | ||
| 999 |
_c359977 _d359977 |
||